<?xml version="1.0" encoding="UTF-8"?>
<record
    xmlns:xsi="http://www.w3.org/2001/XMLSchema-instance"
    xsi:schemaLocation="http://www.loc.gov/MARC21/slim http://www.loc.gov/standards/marcxml/schema/MARC21slim.xsd"
    xmlns="http://www.loc.gov/MARC21/slim">

  <leader>00661nam a2200205Ia 4500</leader>
  <controlfield tag="008">151119s9999||||xx |||||||||||||| ||und||</controlfield>
  <datafield tag="082" ind1=" " ind2=" ">
    <subfield code="a">796 &#x915;&#x92C;&#x921;&#x94D;&#x921;&#x940;/&#x915;&#x92C;&#x921;&#x94D;&#x921;&#x940;</subfield>
  </datafield>
  <datafield tag="082" ind1=" " ind2=" ">
    <subfield code="b">GKKV34158</subfield>
  </datafield>
  <datafield tag="100" ind1=" " ind2=" ">
    <subfield code="a">&#x915;&#x92C;&#x921;&#x94D;&#x921;&#x940; &#x915;&#x92C;&#x921;&#x94D;&#x921;&#x940;</subfield>
  </datafield>
  <datafield tag="245" ind1=" " ind2=" ">
    <subfield code="a">&#x915;&#x92C;&#x921;&#x94D;&#x921;&#x940; &#x915;&#x92C;&#x921;&#x94D;&#x921;&#x940;</subfield>
  </datafield>
  <datafield tag="260" ind1=" " ind2=" ">
    <subfield code="a">&#x92E;&#x941;&#x902;&#x92C;&#x908;</subfield>
  </datafield>
  <datafield tag="260" ind1=" " ind2=" ">
    <subfield code="b">&#x915;&#x93F;&#x930;&#x923; &#x92A;&#x93E;&#x935;&#x938;&#x915;&#x930;</subfield>
  </datafield>
  <datafield tag="260" ind1=" " ind2=" ">
    <subfield code="c">0</subfield>
  </datafield>
  <datafield tag="300" ind1=" " ind2=" ">
    <subfield code="a">175p.</subfield>
  </datafield>
  <datafield tag="600" ind1=" " ind2=" ">
    <subfield code="a">&#x915;&#x92C;&#x921;&#x94D;&#x921;&#x940; &#x915;&#x92C;&#x921;&#x94D;&#x921;&#x940;</subfield>
  </datafield>
  <datafield tag="630" ind1=" " ind2=" ">
    <subfield code="a">&#x915;&#x92C;&#x921;&#x94D;&#x921;&#x940; &#x915;&#x92C;&#x921;&#x94D;&#x921;&#x940;</subfield>
  </datafield>
  <datafield tag="700" ind1=" " ind2=" ">
    <subfield code="a">&#x915;&#x92C;&#x921;&#x94D;&#x921;&#x940; &#x915;&#x92C;&#x921;&#x94D;&#x921;&#x940;</subfield>
  </datafield>
  <datafield tag="730" ind1=" " ind2=" ">
    <subfield code="a">&#x915;&#x92C;&#x921;&#x94D;&#x921;&#x940; &#x915;&#x92C;&#x921;&#x94D;&#x921;&#x940;</subfield>
  </datafield>
  <datafield tag="942" ind1=" " ind2=" ">
    <subfield code="c">BOOK</subfield>
  </datafield>
  <datafield tag="999" ind1=" " ind2=" ">
    <subfield code="c">1086451</subfield>
    <subfield code="d">1086448</subfield>
  </datafield>
  <datafield tag="952" ind1=" " ind2=" ">
    <subfield code="0">0</subfield>
    <subfield code="1">0</subfield>
    <subfield code="4">0</subfield>
    <subfield code="7">0</subfield>
    <subfield code="a">GKKV</subfield>
    <subfield code="b">GKKV</subfield>
    <subfield code="d">2015-02-21</subfield>
    <subfield code="g">171.00</subfield>
    <subfield code="l">0</subfield>
    <subfield code="o">GKKV34158</subfield>
    <subfield code="p">GKKV34158</subfield>
    <subfield code="r">2015-11-19 00:00:00</subfield>
    <subfield code="v">171.00</subfield>
    <subfield code="w">2015-11-19</subfield>
    <subfield code="y">BOOK</subfield>
  </datafield>
</record>
